| 000 -LEADER |
| fixed length control field |
00879cam a22002177i 4500 |
| 003 - CONTROL NUMBER IDENTIFIER |
| control field |
OSt |
| 005 - DATE AND TIME OF LATEST TRANSACTION |
| control field |
20260416163056.0 |
| 008 - FIXED-LENGTH DATA ELEMENTS--GENERAL INFORMATION |
| fixed length control field |
131209s2015 at a b 001 0 eng |
| 020 ## - INTERNATIONAL STANDARD BOOK NUMBER |
| International Standard Book Number |
9781133108771 |
| 050 00 - LIBRARY OF CONGRESS CALL NUMBER |
| Classification number |
MLCM 2015/42897 (T) |
| 100 1# - MAIN ENTRY--PERSONAL NAME |
| Personal name |
Dunlap, R. A., |
| Relator term |
author. |
| 245 10 - TITLE STATEMENT |
| Title |
SUSTAINABLE ENERGY / |
| Statement of responsibility, etc |
RICHARD A. DUNLAP, Dalhousie University. |
| 250 ## - EDITION STATEMENT |
| Edition statement |
SI EDITION. |
| 300 ## - PHYSICAL DESCRIPTION |
| Extent |
xix, 562 pages : |
| Other physical details |
color illustrations ; |
| Dimensions |
26 cm |
| 504 ## - BIBLIOGRAPHY, ETC. NOTE |
| Bibliography, etc |
Includes bibliographical references and index. |
| 650 #0 - SUBJECT ADDED ENTRY--TOPICAL TERM |
| Topical term or geographic name as entry element |
Renewable energy sources. |
| 856 42 - ELECTRONIC LOCATION AND ACCESS |
| Materials specified |
Contributor biographical information |
| Uniform Resource Identifier |
<a href="http://www.loc.gov/catdir/enhancements/fy1607/2013957163-b.html">http://www.loc.gov/catdir/enhancements/fy1607/2013957163-b.html</a> |
| 856 42 - ELECTRONIC LOCATION AND ACCESS |
| Materials specified |
Publisher description |
| Uniform Resource Identifier |
<a href="http://www.loc.gov/catdir/enhancements/fy1607/2013957163-d.html">http://www.loc.gov/catdir/enhancements/fy1607/2013957163-d.html</a> |
| 856 41 - ELECTRONIC LOCATION AND ACCESS |
| Materials specified |
Table of contents only |
| Uniform Resource Identifier |
<a href="http://www.loc.gov/catdir/enhancements/fy1607/2013957163-t.html">http://www.loc.gov/catdir/enhancements/fy1607/2013957163-t.html</a> |
| 942 ## - ADDED ENTRY ELEMENTS (KOHA) |
| Source of classification or shelving scheme |
|